| 000 | 01064nam2a22002531 4500 | ||
|---|---|---|---|
| 001 | RU\NLR\INFOCOMM31\1000047196 | ||
| 005 | 20250617062004.0 | ||
| 035 | _a(NLR Aleph) 002517556 | ||
| 090 |
_a2735133 _c2735133 |
||
| 100 | _a20040419d1870 |||y0rusy50 ca | ||
| 101 | 0 | _arus | |
| 102 | _aRU | ||
| 105 | _ay ||||||||| | ||
| 200 | 1 |
_aВыводы естествознания по отношению к основным началам религии _fФ. Люка |
|
| 210 |
_d1870 _aБ. м. |
||
| 461 | 0 |
_1001RU\NLR\INFOCOMM31\1000047186 _12001#$aМатериализм, наука и христианство$eСборник сочинений современных писателей$v7 _92735044 _cСПб. _d1867-1883 _oСборник сочинений современных писателей _tМатериализм, наука и христианство _v7 |
|
| 700 | 1 |
_aЛюка _bФ. _4070 |
|
| 801 | 1 |
_aRU _bInfoComm _c20040419 |
|
| 801 | 0 |
_aRU _bNLR _gPSBO |
|
| 852 |
_aNLR _j18.104.6.10 |
||
| 942 | _cISSUE | ||
| 980 | _aNB | ||
| 980 | _aRUSPER | ||